Normal view
MARC view
- Post-communism
Entry Topical Term
001 - CONTROL NUMBER
- control field: 108833
003 - CONTROL NUMBER IDENTIFIER
- control field: NUST
005 - DATE AND TIME OF LATEST TRANSACTION
- control field: 20230210094602.0
008 - FIXED-LENGTH DATA ELEMENTS
- fixed length control field: 230210|| aca||aabn | a|a d
040 ## - CATALOGING SOURCE
- Original cataloging agency: NUST
- Transcribing agency: NUST
150 ## - HEADING--TOPICAL TERM
- Topical term or geographic name entry element: Post-communism
- Geographic subdivision: Asia, Central
670 ## - SOURCE DATA FOUND
- Source citation: Work cat.: (NUST)0: Peimani, Hooman, 1957- 108832, Conflict and security in Central Asia and the Caucasus /, c2009.
